Details in design / (Record no. 2947)

MARC details
000 -LEADER
fixed length control field 01176nac a22003491u 4500
003 - CONTROL NUMBER IDENTIFIER
control field EG-ScBUE
005 - DATE AND TIME OF LATEST TRANSACTION
control field 20221207104610.0
008 - FIXED-LENGTH DATA ELEMENTS--GENERAL INFORMATION
fixed length control field 130416s2006 vraae f 001 0 eng d
020 ## - INTERNATIONAL STANDARD BOOK NUMBER
International Standard Book Number 1875498494 (v. 1)
020 ## - INTERNATIONAL STANDARD BOOK NUMBER
International Standard Book Number 1864700386 (v. 2)
020 ## - INTERNATIONAL STANDARD BOOK NUMBER
International Standard Book Number 1864700939 (v. 3)
020 ## - INTERNATIONAL STANDARD BOOK NUMBER
International Standard Book Number 1876907576 (v. 4)
020 ## - INTERNATIONAL STANDARD BOOK NUMBER
International Standard Book Number 1876907800 (v. 5 )
020 ## - INTERNATIONAL STANDARD BOOK NUMBER
International Standard Book Number 1920744282 (v. 6 )
020 ## - INTERNATIONAL STANDARD BOOK NUMBER
International Standard Book Number 9781920744281
040 ## - CATALOGING SOURCE
Original cataloging agency EG-ScBUE
Language of cataloging eng
Description conventions rda
Transcribing agency EG-ScBUE
Modifying agency EG-ScBUE
082 04 - DEWEY DECIMAL CLASSIFICATION NUMBER
Classification number 725.2
Item number DET
Edition number 22
245 00 - TITLE STATEMENT
Title Details in design /
Statement of responsibility, etc edited by Joseph Boschetti.
264 #1 - PUBLICATION, DISTRIBUTION, ETC. (IMPRINT)
Place of publication, distribution, etc Mulgrave, Victoria :
Name of publisher, distributor, etc Images Publishing Group,
Date of publication, distribution, etc 2006.
300 ## - PHYSICAL DESCRIPTION
Extent 215 pages :
Other physical details color illustrations, plans ;
Dimensions 31 cm
336 ## - CONTENT TYPE
Source rdacontent
Content type term text
Content type code txt
337 ## - MEDIA TYPE
Source rdamedia
Media type term unmediated
Media type code n
338 ## - CARRIER TYPE
Source rdacarrier
Carrier type term volume
Carrier type code nc
500 ## - GENERAL NOTE
General note Includes index.
505 0# - FORMATTED CONTENTS NOTE
Formatted contents note Volume 1. -- Volume 2. -- Volume 3. -- Volume 4. -- Volume 5.-- Volume 6.
650 #7 - SUBJECT ADDED ENTRY--TOPICAL TERM
Topical term or geographic name as entry element Decoration and ornament, Architectural.
Source of heading or term BUEsh
9 (RLIN) 13030
650 #7 - SUBJECT ADDED ENTRY--TOPICAL TERM
Topical term or geographic name as entry element Architecture
General subdivision Details.
Source of heading or term BUEsh
9 (RLIN) 26368
653 ## - INDEX TERM--UNCONTROLLED
Resource For college Engineering, Architecture
655 ## - INDEX TERM--GENRE/FORM
Form subdivision Reading book
700 1# - ADDED ENTRY--PERSONAL NAME
Personal name Boschetti, Joe,
Relator term editor.
9 (RLIN) 33108
942 ## - ADDED ENTRY ELEMENTS (KOHA)
Koha item type Book - Borrowing
Call number prefix 725.2 DET
Source of classification or shelving scheme Dewey Decimal Classification
Holdings
Withdrawn status Lost status Source of classification or shelving scheme Damaged status Not for loan Home library Current library Shelving location Date acquired Source of acquisition Total Checkouts Total Renewals Full call number Barcode Date last seen Date checked out Koha item type
    Dewey Decimal Classification     Central Library Central Library Second Floor 07/03/2012 Purchase 3 48 725.2 DET 000001199 15/07/2025 26/10/2016 Book - Borrowing